000
00351cam a2200169ua 4500
020
_c
2.00
041
_a
eng
_h
082
_a
821
_b
MUL/FA
100
_a
Mallik, B R.
245
_a
Fairy queen
260
_a
New Delhi :
_b
S.Chand & Sons ,
_c
1966.
300
_a
128 ; .
365
_a
2.00
504
_a
942
_c
BK
999
_c
4321
_d
4321